000 02015nam a2200265 4500
001 ESSALUD
007 ta
008 t2026 pe ||||| |||| 00| 0 spa d
040 _aBMG
041 _aspa
100 _aDonayre, Andrés
_eautor
_952695
245 _aCaracterísticas de los pacientes atendidos por FISSAL para trasplante renal en el año 2022 Lima, Peru: estudio observacional descriptivo
300 _apáginas 32-38
520 _aEstudio con el objetivo de describir las características institucionales, demográficas y económicas de los pacientes beneficiados con trasplante renal en Lima durante 2022 financiado por SIS/FISSAL. Se realizó un estudio observacional descriptivo basado en datos secundarios de FISSAL 2022 sobre enfermedades raras y trasplantes. La unidad de análisis fueron pacientes atendidos en hospitales de referencia. Se analizaron variables como edad, sexo, establecimiento de salud, tipo de seguro y monto de financiamiento. Se encontró 203 pacientes trasplantados; el 91% estuvo afiliado al SIS Gratuito. El 42% atendido en el Hospital Nacional Cayetano Heredia y el 33% en el Instituto Nacional de Salud del Niño–San Borja. Los adolescentes (12–17 años) concentraron el mayor gasto (61,7%; S/ 750 388), seguidos por adultos jóvenes (20,6%) y adultos (17,7%). Los resultados evidencian mayor gasto en población joven y la necesidad de evaluar equidad, acceso y sostenibilidad de los programas financiados por FISSAL/SIS.
650 _aTRASPLANTE DE RIÑÓN
_913898
650 _aFALLO RENAL CRÓNICO
_949121
650 _aFINANCIACIÓN DE LA ATENCIÓN DE LA SALUD
_94690
650 _aSEGURO DE SALUD
_92768
700 _aSánchez, Alonso
_eautor
_952696
700 _aAcosta, Ana Lucía
_eautor
_952697
700 _aAparicio Hidalgo, Briset
_eautor
_952698
700 _aNovoa, Mónica
_eautor
_952699
773 0 _022497
_922595
_dLima : IETSI
_oCITES01
_tCiencia y Tecnología aplicada a la Salud Pública
_wESSALUD
_x3119-7981
942 _cARTICULOS
_e2026-06-11
_zAFC
999 _c22520
_d22520